| 000 | 00000nam 2200000za 4500 |
| 001 | 9.833094 |
| 003 | CaOODSP |
| 005 | 20221107150137 |
| 007 | cr ||||||||||| |
| 008 | 170224t2017 onc o f000 0 fre d |
| 020 | |a978-0-660-07764-2 |
| 040 | |aCaOODSP|bfre |
| 043 | |an-cn--- |
| 086 | 1 |aCW69-14/313-2017F-PDF |
| 245 | 00|aÉvaluation et rapport de situation du COSEPAC sur le naseux moucheté, Rhinichthys osculus, au Canada |h[ressource électronique]. |
| 246 | 15|aRapport de situation du COSEPAC sur le naseux moucheté, Rhinichthys osculus, au Canada |
| 260 | |aOttawa : |bEnvironnement et Changement climatique Canada, |c2017, c2016. |
| 300 | |axi, 62 p. : |bfigures. |
| 500 | |aPubl. aussi en anglais sous le titre : COSEWIC assessment and status report on the Speckled Dace, Rhinichthys osculus, in Canada. |
| 500 | |aTitre de la couv. |
| 500 | |a« En voie de disparition, 2016. » |
| 500 | |a« Le COSEPAC remercie Andrea Smith (Hutchinson Environmental Sciences Ltd) d’avoir rédigé le rapport de situation sur le naseux moucheté (Rhinichthys osculus) au Canada, aux termes d’un marché conclu avec Environnement et Changement climatique Canada. La supervision et la révision du rapport ont été assurées par John Post, coprésident du Sous-comité de spécialistes des poissons d’eau douce du COSEPAC. » |
| 692 | 07|2gccst|aEspèce menacée |
| 692 | 07|2gccst|aConservation de la nature |
| 692 | 07|2gccst|aPoisson d'eau douce |
| 700 | 1 |aSmith, Andrea L. |q(Andrea Louise), |d1971- |
| 700 | 1 |aPost, John Robert,|d1955- |
| 710 | 2 |aComité sur la situation des espèces en péril au Canada. |
| 710 | 1 |aCanada. |bEnvironnement et changement climatique Canada. |
| 710 | 2 |aService canadien de la faune. |
| 775 | 08|tCOSEWIC assessment and status report on the Speckled Dace, Rhinichthys osculus, in Canada |w(CaOODSP)9.833093 |
| 795 | |tMise à jour, évaluation et rapport de situation du COSEPAC sur le Naseux moucheté, Rhinichthys osculus, au Canada |w(CaOODSP)9.593244 |
| 856 | 40|qPDF|s948 Ko|uhttps://publications.gc.ca/collections/collection_2017/eccc/CW69-14-313-2017-fra.pdf |